Zmluvu s Rusmi podpísal anonym
Problematika stíhačiek MiG 29, ktorými Slovensko ako člen NATO zabezpečuje ochranu vzdušného priestoru. Zmluva o údržbe stíhačiek s ruskou spoločnosťou RSK MiG. Cena za údržbu zostáva obchodným tajomstvom. Zlý stav stíhačiek. Ďalšia abonentná zmluva na päť rokov.
Saved in:
| Main Author: | |
|---|---|
| Format: | Book Chapter |
| Language: | Slovak |
| Subjects: | |
| Tags: |
No Tags, Be the first to tag this record!
|
MARC
| LEADER | 00000naa a2200000 4500 | ||
|---|---|---|---|
| 001 | 0176465 | ||
| 005 | 20231113081829.2 | ||
| 041 | 0 | |a slo | |
| 044 | |a SK | ||
| 245 | 1 | 0 | |a Zmluvu s Rusmi podpísal anonym |c Zuzana Petková |
| 520 | |a Problematika stíhačiek MiG 29, ktorými Slovensko ako člen NATO zabezpečuje ochranu vzdušného priestoru. Zmluva o údržbe stíhačiek s ruskou spoločnosťou RSK MiG. Cena za údržbu zostáva obchodným tajomstvom. Zlý stav stíhačiek. Ďalšia abonentná zmluva na päť rokov. | ||
| 610 | 2 | 0 | |a obrana štátu |
| 610 | 2 | 0 | |a lietadlá |
| 610 | 2 | 0 | |a zmluvy obchodné |
| 610 | 2 | 0 | |a opravy |
| 610 | 2 | 0 | |a údržba |
| 610 | 2 | 0 | |a Slovensko |
| 610 | 2 | 0 | |a Rusko |
| 100 | 1 | |a Petková, Zuzana | |